Albánsko malá krajina veľkých bohatstiev

Poloha a fyzickogeografická charakteristika. Hospodárstvo. Cestovný ruch a infraštruktúra. Reálie Albánska.

Salvato in:
Dettagli Bibliografici
Autore principale: Novotný, Ladislav
Altri autori: Letková, Jana
Natura: Capitolo di libro
Lingua:slovacco
Soggetti:
Tags: Aggiungi Tag
Nessun Tag, puoi essere il primo ad aggiungerne!!

MARC

LEADER 00000naa a2200000 4500
001 0145921
005 20231208110436.2
041 0 |a slo 
044 |a SK 
245 1 0 |a Albánsko malá krajina veľkých bohatstiev  |c Ladislav Novotný, Jana Letková 
520 |a Poloha a fyzickogeografická charakteristika. Hospodárstvo. Cestovný ruch a infraštruktúra. Reálie Albánska. 
610 2 0 |a Albánsko 
610 2 0 |a geografia 
610 2 0 |a informácie geografické 
610 2 0 |a hospodárstvo národné 
610 2 0 |a ruch cestovný 
100 1 |a Novotný, Ladislav 
700 1 |a Letková, Jana